Catálogo

Vista normal Vista MARC

Entrada Personal Name

Número de registros utilizados en: 2

001 - CONTROL NUMBER

  • control field: 16908

003 - CONTROL NUMBER IDENTIFIER

  • control field: Mx-PuUPA

005 - DATE AND TIME OF LATEST TRANSACTION

  • control field: 20250328123521.0

008 - FIXED-LENGTH DATA ELEMENTS

  • fixed length control field: 250327|| aca||aabn | a|a d

040 ## - CATALOGING SOURCE

  • Original cataloging agency: Mx-PuUPA
  • Language of cataloging: spa
  • Transcribing agency: Mx-PuUPA
  • Modifying agency: Mx-PuUPA
  • Description conventions: rda

100 1# - HEADING--PERSONAL NAME

  • Personal name: López, Sareki,

374 ## - OCCUPATION

  • Occupation: Ilustrador
  • Occupation: Autor

375 ## - GENDER

  • Gender: mujer

377 ## - ASSOCIATED LANGUAGE

  • Language code: spa

670 ## - SOURCE DATA FOUND

  • Source citation: La leyenda del Cacao, 2024:
  • Information found: t.p. (Sareki López) portada